Normal view
MARC view
- Mehmood, Seemab
Entry Personal Name
001 - CONTROL NUMBER
- control field: 16272
003 - CONTROL NUMBER IDENTIFIER
- control field: NUST
005 - DATE AND TIME OF LATEST TRANSACTION
- control field: 20190702053821.0
008 - FIXED-LENGTH DATA ELEMENTS
- fixed length control field: 190702|| aca||aabn | a|a d
040 ## - CATALOGING SOURCE
- Original cataloging agency: NUST
- Transcribing agency: NUST
100 ## - HEADING--PERSONAL NAME
- Personal name: Mehmood, Seemab
670 ## - SOURCE DATA FOUND
- Source citation: Work cat.: (NUST): Mehmood, Seemab, Design and Develoment of a Novel Auxetic Bone Plate for Long Bone Fractures /, 2014.
